<?xml version="1.0" encoding="UTF-8"?>
<marc:record xmlns:marc="http://www.loc.gov/MARC21/slim">
   <marc:leader>00000nam a2200000 a 4500</marc:leader>
   <marc:datafield ind1="1" ind2=" " tag="100">
      <marc:subfield code="a">Göth, Martin</marc:subfield>
      <marc:subfield code="4">aut</marc:subfield>
      <marc:subfield code="e">Verfasser/-in</marc:subfield>
   </marc:datafield>
   <marc:datafield ind1="1" ind2=" " tag="100">
      <marc:subfield code="a">Weininger, Paul</marc:subfield>
      <marc:subfield code="4">aut</marc:subfield>
      <marc:subfield code="e">Verfasser/-in</marc:subfield>
   </marc:datafield>
   <marc:datafield ind1=" " ind2=" " tag="653">
      <marc:subfield code="a">Heiliger</marc:subfield>
   </marc:datafield>
   <marc:datafield ind1=" " ind2=" " tag="653">
      <marc:subfield code="a">Kindergottesdienst</marc:subfield>
   </marc:datafield>
   <marc:datafield ind1=" " ind2=" " tag="653">
      <marc:subfield code="a">Religionsunterricht</marc:subfield>
   </marc:datafield>
   <marc:datafield ind1=" " ind2=" " tag="653">
      <marc:subfield code="a">Grundschule</marc:subfield>
   </marc:datafield>
   <marc:datafield ind1=" " ind2=" " tag="653">
      <marc:subfield code="a">Kindergarten</marc:subfield>
   </marc:datafield>
   <marc:datafield ind1=" " ind2=" " tag="653">
      <marc:subfield code="a">Softcover / Religion/Theologie/Praktische Theologie</marc:subfield>
   </marc:datafield>
   <marc:datafield ind1=" " ind2=" " tag="653">
      <marc:subfield code="a">Beispielsammlung</marc:subfield>
   </marc:datafield>
   <marc:datafield ind1="0" ind2="0" tag="245">
      <marc:subfield code="a">Heilige für Kinder</marc:subfield>
   </marc:datafield>
   <marc:datafield ind1="0" ind2="0" tag="245">
      <marc:subfield code="b">Franziskus, Elisabeth, Luzia und Don Bosco ; für Kindergarten, Grundschule und Kinderkirche</marc:subfield>
   </marc:datafield>
   <marc:datafield ind1="0" ind2="0" tag="245">
      <marc:subfield code="c">Martin Göth ; Paul Weininger</marc:subfield>
   </marc:datafield>
   <marc:datafield ind1=" " ind2="1" tag="264">
      <marc:subfield code="a">München</marc:subfield>
      <marc:subfield code="b">Don Bosco</marc:subfield>
      <marc:subfield code="c">2015</marc:subfield>
   </marc:datafield>
   <marc:datafield ind1="1" ind2=" " tag="490">
      <marc:subfield code="a">Aus unserer KiGo-Werkstatt</marc:subfield>
   </marc:datafield>
   <marc:datafield ind1=" " ind2=" " tag="250">
      <marc:subfield code="a">1. Aufl.</marc:subfield>
   </marc:datafield>
   <marc:datafield ind1="1" ind2=" " tag="520">
      <marc:subfield code="a">Angaben aus der Verlagsmeldung

Heilige für Kinder: Franziskus, Elisabeth, Luzia und Don Bosco : Für Kindergarten, Grundschule und Kinderkirche / von Martin Göth, Paul Weininger

Heilige – das sind Menschen, die von Gottes Liebe erzählen, auf Jesus und die Mitmenschen vertrauen, für eine bessere Welt kämpfenund sich von Problemen nicht entmutigen lassen. Deshalb sind sie wichtig für unsere Welt und können uns zeigen, wie Glauben geht. Vier Kindergottesdienste zu # Franziskus ("Gut und glücklich leben durch Einfachheit") # Elisabeth ("Solidarität mit den Armen und Ausgebeuteten der Gesellschaft") # Luzia ("Licht sein für andere") # Don Bosco ("Die Welt zu einem fröhlichen Haus Gottes machen") ### Information zur Reihe: Die Gottesdienste der Reihe "Aus unserer KiGo-Werkstatt" haben sich bereits vielfach bewährt für kleine Wortgottesdienste im Kindergarten, in der Kinderkirche oder als Baustein für den Kindergottesdienst in der Grundschule sowie für den Familiengottesdienst. Die Gottesdienste zeichnen sich durch einfache Abläufe aus und leben von sorgfältig ausgewählten Texten, Spielen, Tänzen, Mitmach-Aktionen und leicht zu lernenden Liedern von Martin Göth. Jeder Band enthält: # 4 komplett ausgearbeitete Gottesdienste für Kinder # Kindgerecht erzählte Bibeltexte und Gebete, Lieder mit Notensatz # Übersichtliche Hinweise für die Vorbereitung, sowie praktische Ablaufpläne # Bastelvorlagen, Ausmalbilder und Sticker zum Verteilen am Ende des Gottesdienstes (nachbestellbar) # Eine Einführung zum Gottesdienstfeiern mit Kindergarten- und Grundschulkindern
</marc:subfield>
   </marc:datafield>
   <marc:datafield ind1=" " ind2=" " tag="020">
      <marc:subfield code="a">9783769821420</marc:subfield>
      <marc:subfield code="9">9783769821420</marc:subfield>
   </marc:datafield>
   <marc:datafield ind1=" " ind2=" " tag="020">
      <marc:subfield code="a">3769821424</marc:subfield>
      <marc:subfield code="9">3769821424</marc:subfield>
   </marc:datafield>
   <marc:datafield ind1=" " ind2=" " tag="041">
      <marc:subfield code="a">ger</marc:subfield>
   </marc:datafield>
   <marc:datafield ind1=" " ind2=" " tag="300">
      <marc:subfield code="a">52 S.</marc:subfield>
   </marc:datafield>
</marc:record>
